Pengurusan perakaunan restoran

Bibliographic Details
Main Author: Nor Khomar Ishak (Author)
Format: Book
Language:Malay
Published: Shah Alam : Biroteks ITM 1984
Subjects:

MARC

LEADER 00000cam a2200000 7i4500
001 0000004507
005 20240930.0
008 991220 my a may
020 |a 9679580105 
040 |a INS   |b eng   |e rda 
090 0 0 |a HF5696.H75   |b N822 1984 
100 0 |a Nor Khomar Ishak ,   |e author 
245 1 0 |a Pengurusan perakaunan restoran   |c oleh Nor Khomar Ishak 
264 1 |a Shah Alam :   |b Biroteks ITM   |c 1984 
300 |a xi, 128 pages :   |b illustrations ;   |c 23 cm. 
336 |a text  |2 rdacontent 
337 |a unmediated  |2 rdamedia 
338 |a volume  |2 rdacarrier 
504 |a Includes bibliographical references 
650 0 |a Managerial accounting 
650 0 |a Restoran management 
999 |a 0000003076   |b BOOK   |c Open Shelf   |e Default branch